Statistics for Countries WITHOUT an A, E or I in their name

Click here to take the quiz!

General Stats

  • This quiz has been taken 944 times
  • The average score is 2 of 5

Answer Stats

Country% Correct
Togo
70%
Kosovo
57%
Morocco
46%
Comoros
41%
Cyprus
35%

Score Distribution

Percentile by Number Answered

Percent of People with Each Score

Your Score History

You have not taken this quiz